Henry de Montherlant anticolonialiste (notice n° 1653843)

détails MARC
000 -LEADER
fixed length control field 01249cam a2200157 4500500
005 - DATE AND TIME OF LATEST TRANSACTION
control field 20260208005810.0
041 ## - LANGUAGE CODE
Language code of text/sound track or separate title fre
042 ## - AUTHENTICATION CODE
Authentication code dc
100 10 - MAIN ENTRY--PERSONAL NAME
Personal name Ridderstad, Anton
Relator term author
245 00 - TITLE STATEMENT
Title Henry de Montherlant anticolonialiste
260 ## - PUBLICATION, DISTRIBUTION, ETC.
Date of publication, distribution, etc. 2005.<br/>
500 ## - GENERAL NOTE
General note 86
520 ## - SUMMARY, ETC.
Summary, etc. Henry de Montherlant, souvent présenté dans l’histoire littéraire comme réactionnaire et aristocratique, a pris conscience très tôt, et sur place en Afrique du Nord, des méfaits du colonialisme. La correspondance qu’il entretenait avec le commandant Paul Odinot, ouvertement hostile au colonialisme, montre qu’il y avait bien une intention anticolonialiste derrière le roman La Rose de sable, qui n’a pourtant été publié intégralement qu’en 1968. Dans d’autres textes des années 1920 et 1930 apparaît clairement l’intérêt de l’auteur pour la culture islamique, le dégoût devant le cynisme ou la naïveté des Français au Maghreb et l’attention portée à la situation sociale et linguistique.
786 0# - DATA SOURCE ENTRY
Note Revue d'histoire littéraire de la France | 105 | 1 | 2005-02-01 | p. 139-160 | 0035-2411
856 41 - ELECTRONIC LOCATION AND ACCESS
Uniform Resource Identifier <a href="https://shs.cairn.info/revue-d-histoire-litteraire-de-la-france-2005-1-page-139?lang=fr&redirect-ssocas=7080">https://shs.cairn.info/revue-d-histoire-litteraire-de-la-france-2005-1-page-139?lang=fr&redirect-ssocas=7080</a>

Pas d'exemplaire disponible.

PLUDOC

PLUDOC est la plateforme unique et centralisée de gestion des bibliothèques physiques et numériques de Guinée administré par le CEDUST. Elle est la plus grande base de données de ressources documentaires pour les Étudiants, Enseignants chercheurs et Chercheurs de Guinée.

Adresse

627 919 101/664 919 101

25 boulevard du commerce
Kaloum, Conakry, Guinée

Réseaux sociaux

Powered by Netsen Group @ 2025